| 000 | 00429nam a22001577a 4500 | ||
|---|---|---|---|
| 999 |
_c15581 _d15581 |
||
| 003 | OSt | ||
| 008 | 190517b ||||| |||| 00| 0 eng d | ||
| 020 | _a9789383305759 | ||
| 100 |
_asurendra, Singh _94060 |
||
| 245 | _aMechanization of cultivated crops | ||
| 260 |
_aNew Delhi _bNew India publishing agency _c2015 |
||
| 300 | _a300p. | ||
| 700 |
_aManes, Gursahib Singh _94061 |
||
| 700 |
_aDixit, Anoop Kumar _94062 |
||
| 942 | _cBK | ||